000 01763cam a2200445 a 4500
001 15349684
003 ost
005 20140310184434.0
008 080630s2008 nyua c 000 1 eng
010 _a 2008019922
020 _a0439866294
020 _a0439866294
040 _aDLC
_cDLC
_dDLC
041 1 _aeng
_hger
042 _alcac
050 0 0 _aPZ 7
_b.F96624Ik 2009
100 1 _aFunke, Cornelia Caroline.
_917287
240 1 0 _aTintentod.
_lEnglish
245 1 0 _aInkdeath /
_cCornelia Funke ; translated from the German by Anthea Bell.
250 _a1st American ed.
260 _aNew York :
_bscholastic
_c2008.
300 _a683 p. :
_bill. ;
_c20 cm.
500 _a"Cover, map, and chapter-head illustrations ... by Carol Lawson"--Copyright p.
500 _aSequel to Inkspell.
520 _aAs Bluejay--Mo's fictitious double--tries to keep the Book of Immortality from unraveling, Adderhead kidnaps all the children in the kingdom, asking for Bluejay's surrender or the children will be doomed to slavery in the silver mines.
521 _aG6
526 _c830
650 1 _aKidnapping
_vFiction.
_927160
650 1 _aBooks and reading
_vFiction.
_927161
650 1 _aBookbinding
_vFiction.
_927162
650 1 _aCharacters in literature
_vFiction.
_927163
650 1 _aMagic
_vFiction.
_927164
700 1 _aBell, Anthea.
_917421
856 4 1 _3Table of contents only
_uhttp://www.loc.gov/catdir/toc/ecip0822/2008019922.html
856 4 2 _3Publisher description
_uhttp://www.loc.gov/catdir/enhancements/fy1116/2008019922-d.html
906 _a7
_bcbc
_corignew
_d1
_eecip
_f20
_gy-gencatlg
942 _2lcc
_cBK-SCHOLAS
999 _c34374
_d34374